Statistics for Biggest Cities in Barbados

Click here to take the quiz!

General Stats

  • This quiz has been taken 4 times
  • The average score is 3 of 10

Answer Stats

Population City / Town % Correct
98,511Bridgetown
100%
3,634Speightstown
33%
1,350Holetown
33%
727Crab Hill
33%
623Blackmans
33%
623Greenland
33%
2,285Oistins
0%
1,765Bathsheba
0%
935The Crane
0%
519Hillaby
0%

Score Distribution

Percentile by Number Answered

Percent of People with Each Score

Your Score History

You have not taken this quiz